Postavenie audítora a hospodárska kríza v Slovenskej republike
Od roku 2009 zaznamenaný prepad hospodárskeho rastu SR. Významné postavenie audítorov v tejto situácii.
Salvato in:
| Autore principale: | |
|---|---|
| Altri autori: | |
| Natura: | Capitolo di libro |
| Lingua: | slovacco |
| Soggetti: | |
| Tags: |
Nessun Tag, puoi essere il primo ad aggiungerne!!
|
MARC
| LEADER | 00000naa a2200000 4500 | ||
|---|---|---|---|
| 001 | 0150539 | ||
| 005 | 20240502072715.2 | ||
| 041 | 0 | |a slo | |
| 044 | |a SK | ||
| 245 | 1 | 0 | |a Postavenie audítora a hospodárska kríza v Slovenskej republike |c Jozef Škultéty, Ondrej Baláž |
| 520 | |a Od roku 2009 zaznamenaný prepad hospodárskeho rastu SR. Významné postavenie audítorov v tejto situácii. | ||
| 610 | 2 | 0 | |a audítori |
| 610 | 2 | 0 | |a kríza hospodárska |
| 610 | 2 | 0 | |a Slovensko |
| 610 | 2 | 0 | |a audit |
| 610 | 2 | 0 | |a rast hospodársky |
| 100 | 1 | |a Škultéty, Jozef | |
| 700 | 1 | |a Baláž, Ondrej | |